وسائل تمويل التنمية الاقتصادية في الدول النامية : (رقم التسجيلة. 247527)

تفاصيل مارك
000 -الفاتح
عناصر البيانات ثابتة الطول 01190nam a22002657i 4500
005 - تاريخ ووقت آخر معاملة
حقل ضبط 20260108083148.0
008 - عناصر البيانات ثابتة الطول
عناصر البيانات ثابتة الطول 250906s2026 jo ||||gr|||| 00| 0 ara d
020 ## - الترقيم الدولي المعياري للكتب (ردمك)
الترقيم الدولي المعياري للكتب (ردمك) 9789923283219
040 ## - مصدر الفهرسة
هيئة الفهرسة الأصلية JO-AmGAM
قواعد الوصف rda
082 14 - رقم تصنيف ديوي العشري
رقم التصنيف 338.9
رقم المادة م و س
100 1# - مدخل رئيسي – اسم شخصي
الاسم الشخصي الموسوي، حنان عبد الخضر هاشم
علاقة الشخص بالعمل/ دوره مؤلف.
245 10 - بيان العنوان
العنوان وسائل تمويل التنمية الاقتصادية في الدول النامية :
بقية العنوان أسس التنظير وفاعلية التطبيق /
بيان المسؤولية تأليف الأستاذ الدكتورة حنان عبد الخضر هاشم الموسوي، الباحث مصطفى حيدر طاهر القاضي.
250 ## - بيان الطبعة
بيان الطبعة الطبعة الأولى.
264 ## - بيانات النشر، التوزيع…إلخ
مكان النشر، التوزيع...إلخ عمان :
اسم الناشر، الموزع...إلخ دار صفاء للطباعة والنشر والتوزيع،
تاريخ النشر، التوزيع...إلخ 2026.
300 ## - الوصف المادي
عدد الوحدات المكونة للوعاء 296 صفحة.
336 ## - نوع المحتوى
المصدر rdacontent
مصطلح نوع المحتوى نص
كود نوع المحتوى txt
337 ## - نوع الوسيط
المصدر rdamedia
مصطلح نوع الوسيط دون وسيط عرض
كود نوع الوسيط n
338 ## - نوع الحامل
المصدر rdacarrier
مصطلح نوع الحامل مجلد
كود نوع الحامل nc
650 17 - مدخل إضافي بالموضوع - مصطلح موضوعي
مصطلح موضوعي أو اسم جغرافي كعنصر مدخل التنمية الاقتصادية.
650 17 - مدخل إضافي بالموضوع - مصطلح موضوعي
مصطلح موضوعي أو اسم جغرافي كعنصر مدخل الدول النامية.
650 17 - مدخل إضافي بالموضوع - مصطلح موضوعي
مصطلح موضوعي أو اسم جغرافي كعنصر مدخل العراق.
700 1# - مدخل إضافي - اسم شخصي
الاسم الشخصي القاضي، مصطفى حيدر طاهر
علاقة الشخص بالعمل/ دوره مؤلف.
942 ## - بيانات إضافية (كوها)
نوع التنصيف Dewey Decimal Classification
نوع المادة (كوها) كتب
المقتنيات
حالة السحب حالة الفقدان مصدر التصنيف حالة التلف غير قابل للإعارة المكتبة الرئيسية المكتبة الحالية موقع الرف تاريخ التزويد مصدر التزويد العملة التكلفة، سعر الشراء العادي الرقم المتسلسل Total Checkouts رقم الإستدعاء الباركود تاريخ آخر ظهور التكلفة وسعر الاستبدال تاريخ الفاتورة نوع المادة (كوها)
    Dewey Decimal Classification     المكتبة المركزية المكتبة المركزية الإعارة 16/12/2025 55 JOD 6.50 1799235   338.9 / م و س PLD00928848 16/12/2025 13.00 16/12/2025 كتب
Implemented & Customized by: BBB with SCIT (Smart Chains for Information Technology)

Powered by Koha